[Event "Paracin-Fujairah"]
[Site "Paracin"]
[Date "2018.07.25"]
[Round "5"]
[White "Ali, Mohamed Al Zeaabi"]
[Black "Brankovic, Slavoljub"]
[Result "0-1"]
[WhiteElo "1162"]
[BlackElo "1670"]
[PlyCount "63"]
[EventDate "2018.07.23"]
[EventType "schev"]
[EventRounds "8"]
[EventCountry "SRB"]
[SourceTitle "CBM 186 Extra"]
[Source "ChessBase"]
[SourceDate "2018.08.24"]
[SourceVersion "1"]
[SourceVersionDate "2018.08.24"]
[SourceQuality "1"]
[WhiteTeam "Fujairah"]
[BlackTeam "Paracin"]
[WhiteTeamCountry "UAE"]
[BlackTeamCountry "SRB"]

1. d4 Nf6 2. Nf3 d5 3. Bf4 Nc6 4. e3 Bg4 5. Be2 e6 6. 0-0 Bd6 7. Nbd2 Bxf4 8. exf4 Qd6 9. g3 Bh3 10. Re1 h6 11. c3 0-0 12. Ne5 Bf5 13. Bd3 Bxd3 14. Nxd3 b6 15. Ne5 a5 16. a4 Ne7 17. Qc2 c5 18. dxc5 bxc5 19. Rad1 Qc7 20. Nb1 c4 21. Na3 Rfd8 22. Nb5 Qc5 23. Kg2 Ne4 24. f3 Nd6 25. Nxd6 Rxd6 26. g4 g6 27. Rg1 Rad8 28. Rd4 Kg7 29. g5 h5 30. Kh3 Nf5 31. Rd2 Qxg1 32. Re2 0-1

[Event "Paracin-Fujairah"]
[Site "Paracin"]
[Date "2018.07.24"]
[Round "3"]
[White "Brankovic, Slavoljub"]
[Black "Mohamed, Saeed Laily"]
[Result "0-1"]
[WhiteElo "1670"]
[BlackElo "1708"]
[PlyCount "70"]
[EventDate "2018.07.23"]
[EventType "schev"]
[EventRounds "8"]
[EventCountry "SRB"]
[SourceTitle "CBM 186 Extra"]
[Source "ChessBase"]
[SourceDate "2018.08.24"]
[SourceVersion "1"]
[SourceVersionDate "2018.08.24"]
[SourceQuality "1"]
[WhiteTeam "Paracin"]
[BlackTeam "Fujairah"]
[WhiteTeamCountry "SRB"]
[BlackTeamCountry "UAE"]

1. c4 e6 2. Nc3 d5 3. cxd5 exd5 4. d4 Nf6 5. Nf3 c6 6. Bg5 Bd6 7. g3 Nbd7 8. Bg2 0-0 9. 0-0 h6 10. Bd2 Re8 11. a3 Nb6 12. b3 Bf5 13. Re1 Qd7 14. Qc1 Qe7 15. a4 Rac8 16. a5 Nbd7 17. Kh1 Ne4 18. Nxe4 dxe4 19. Ng1 Nf6 20. Bh3 Qd7 21. Bxf5 Qxf5 22. Kg2 c5 23. Qa3 Red8 24. e3 cxd4 25. b4 d3 26. Rac1 Qb5 27. Nh3 Nd5 28. Rb1 Rc4 29. Nf4 Nf6 30. Qb3 Rdc8 31. Rb2 Qf5 32. Rf1 a6 33. Qa4 h5 34. Qd1 g6 35. h3 Be5 0-1

[Event "Paracin-ch"]
[Site "Paracin"]
[Date "2017.01.31"]
[Round "1"]
[White "Cvetanovic, Uros"]
[Black "Brankovic, Slavoljub"]
[Result "1-0"]
[WhiteElo "2295"]
[BlackElo "1721"]
[PlyCount "53"]
[EventDate "2017.01.31"]
[EventType "swiss"]
[EventRounds "9"]
[EventCountry "SRB"]
[SourceTitle "CBM 176 Extra"]
[Source "ChessBase"]
[SourceDate "2017.03.02"]
[SourceVersion "1"]
[SourceVersionDate "2017.03.02"]
[SourceQuality "1"]

1. e4 e6 2. d3 g6 3. f4 Bg7 4. Nf3 c5 5. Nc3 Nc6 6. Be3 d6 7. d4 Qa5 8. Qd2 Nge7 9. Nb5 Qxd2+ 10. Bxd2 Kd7 11. dxc5 dxc5 12. 0-0-0 Nd4 13. Bc3 a6 14. Nbxd4 cxd4 15. Nxd4 Bxd4 16. Bxd4 Rg8 17. Bf6+ Ke8 18. Bc4 Bd7 19. Rd4 b5 20. Bb3 a5 21. Rhd1 Ra7 22. a4 b4 23. Bc4 Nc6 24. Rd6 Nb8 25. Rb6 Ra8 26. Bb5 h6 27. Rb7 1-0

[Event "SRB Central-ch op-B 9th"]
[Site "Paracin"]
[Date "2016.07.07"]
[Round "1"]
[White "Brankovic, Slavoljub"]
[Black "Zlatanovic, Zoran"]
[Result "1/2-1/2"]
[WhiteElo "1727"]
[BlackElo "2073"]
[PlyCount "119"]
[EventDate "2016.07.07"]
[EventType "swiss"]
[EventRounds "9"]
[EventCountry "SRB"]
[SourceTitle "CBM 173 Extra"]
[Source "ChessBase"]
[SourceDate "2016.08.29"]
[SourceVersion "1"]
[SourceVersionDate "2016.08.29"]
[SourceQuality "1"]

1. d4 Nf6 2. c4 g6 3. Nc3 d5 4. cxd5 Nxd5 5. Nf3 Bg7 6. g3 Nb6 7. Bg2 0-0 8. 0-0 Na6 9. a3 c5 10. dxc5 Nxc5 11. Qc2 Be6 12. Be3 Bf5 13. Qd1 Ne4 14. Nd4 Nxc3 15. bxc3 Bc8 16. Qb3 e5 17. Nc2 Be6 18. Qb4 Qc7 19. Rfd1 Rfd8 20. a4 Bf8 21. Bxb6 axb6 22. Qb2 Bc5 23. Nb4 Rxd1+ 24. Rxd1 Rxa4 25. Bd5 Ra8 26. Bxe6 fxe6 27. Qb3 Qf7 28. e3 e4 29. Nc2 Rf8 30. Rd2 e5 31. Qxf7+ Rxf7 32. Nb4 Kg7 33. Rd8 Be7 34. Rd5 Bxb4 35. cxb4 Re7 36. Rb5 Kf7 37. Rxb6 Rc7 38. Kg2 h5 39. h3 Kg7 40. Re6 Kf7 41. Rxe5 Rc4 42. Rb5 Rc7 43. h4 Kf6 44. Kh3 Rc2 45. Kg2 Rc7 46. Rb6+ Kf5 47. Rb5+ Ke6 48. g4 hxg4 49. Kg3 Rf7 50. Rg5 Rf3+ 51. Kg2 Rf6 52. Rxg4 Kd5 53. Rg5+ Kc4 54. b5 b6 55. Kg1 Re6 56. Kf1 Kd3 57. Rd5+ Kc4 58. Rg5 Kd3 59. h5 gxh5 60. Rxh5 1/2-1/2

[Event "Paracin"]
[Site "Paracin"]
[Date "2015.12.03"]
[Round "6"]
[White "Brankovic, Slavoljub"]
[Black "Vujcic, Milena"]
[Result "0-1"]
[WhiteElo "1745"]
[BlackElo "1750"]
[PlyCount "35"]
[EventDate "2015.11.29"]
[EventType "tourn"]
[EventRounds "9"]
[EventCountry "SRB"]
[SourceTitle "CBM 170 Extra"]
[Source "ChessBase"]
[SourceDate "2016.02.25"]
[SourceVersion "1"]
[SourceVersionDate "2016.02.25"]
[SourceQuality "1"]

1. c4 Nf6 2. Nc3 g6 3. Nf3 Bg7 4. g3 0-0 5. Bg2 d6 6. d4 Nbd7 7. e4 c6 8. Be3 e5 9. h3 Qe7 10. 0-0 exd4 11. Nxd4 Nc5 12. f3 Ne6 13. Nde2 h5 14. Qd2 Kh7 15. Rad1 Rd8 16. f4 Nc7 17. Qc2 d5 18. exd5 0-1

[Event "SRB-chT3 East"]
[Site "Serbia"]
[Date "2015.10.17"]
[Round "9.66"]
[White "Brankovic, Slavoljub"]
[Black "Nikolic, Nikola"]
[Result "0-1"]
[WhiteElo "1745"]
[BlackElo "1938"]
[PlyCount "90"]
[EventDate "2015.09.06"]
[EventType "team-tourn"]
[EventRounds "11"]
[EventCountry "SRB"]
[SourceTitle "EXT 2022"]
[Source "ChessBase"]
[SourceDate "2021.10.06"]
[SourceVersion "1"]
[SourceVersionDate "2021.10.06"]
[SourceQuality "1"]

1. e4 e5 2. Nf3 Nc6 3. c3 Nf6 4. d3 Bc5 5. Bg5 d6 6. a4 a5 7. Nbd2 h6 8. Bh4 0-0 9. h3 Be6 10. Be2 Re8 11. 0-0 d5 12. Nb3 Bb6 13. exd5 Bxd5 14. c4 Be6 15. g4 g6 16. Bg3 e4 17. dxe4 Nxe4 18. Kg2 Nxg3 19. Kxg3 Qf6 20. Rb1 Qf4+ 21. Kg2 Rad8 22. Qc1 Qxc1 23. Nxc1 Nd4 24. Nxd4 Rxd4 25. b3 Bd7 26. Bf3 c6 27. Ne2 Rd2 28. Ng3 Ra2 29. Rbd1 Be6 30. Nh5 Rd8 31. Rxd8+ Bxd8 32. Rd1 Bb6 33. Rf1 Rb2 34. Bd1 f5 35. Ng3 f4 36. Ne4 Bd4 37. Re1 h5 38. Re2 hxg4 39. Ng5 f3+ 40. Nxf3 gxf3+ 41. Kxf3 Rxe2 42. Bxe2 Bxh3 43. Kg3 Bf5 44. Bd1 Kf7 45. f3 Ke7 0-1

[Event "SRB-chT3 East"]
[Site "Serbia"]
[Date "2015.10.16"]
[Round "8.16"]
[White "Ninic, Dragoslav"]
[Black "Brankovic, Slavoljub"]
[Result "1-0"]
[WhiteElo "2024"]
[BlackElo "1745"]
[PlyCount "75"]
[EventDate "2015.09.06"]
[EventType "team-tourn"]
[EventRounds "11"]
[EventCountry "SRB"]
[SourceTitle "EXT 2022"]
[Source "ChessBase"]
[SourceDate "2021.10.06"]
[SourceVersion "1"]
[SourceVersionDate "2021.10.06"]
[SourceQuality "1"]

1. Nf3 Nf6 2. c4 c5 3. Nc3 Nc6 4. e3 d6 5. d4 cxd4 6. exd4 Bg4 7. Be2 d5 8. cxd5 Nxd5 9. 0-0 e6 10. Re1 Be7 11. Nxd5 Qxd5 12. Be3 0-0 13. h3 Bh5 14. g4 Bg6 15. Qb3 Qxb3 16. axb3 Bf6 17. g5 Bd8 18. Ne5 Be4 19. Nd7 Re8 20. Nc5 Bf5 21. Nxb7 Bxh3 22. Bb5 Rc8 23. Nd6 Bb6 24. Nxe8 Nxd4 25. Bxd4 Bxd4 26. Re2 Rc5 27. Kh2 Rxb5 28. Kxh3 Rxb3+ 29. Kg2 Kf8 30. Nd6 g6 31. Ne4 Kg7 32. Rd2 Rb4 33. Nf6 h6 34. Ne8+ Kh7 35. Rh1 h5 36. Rc1 e5 37. Nf6+ Kg7 38. Rc8 1-0

[Event "SRB Central-ch op-B 6th"]
[Site "Paracin"]
[Date "2013.07.09"]
[Round "6"]
[White "Brankovic, Slavoljub"]
[Black "Jovovic, Jovan"]
[Result "1/2-1/2"]
[WhiteElo "1825"]
[BlackElo "1898"]
[PlyCount "33"]
[EventDate "2013.07.05"]
[EventType "swiss"]
[EventRounds "9"]
[EventCountry "SRB"]
[SourceTitle "CBM 155 Extra"]
[Source "ChessBase"]
[SourceDate "2013.08.26"]
[SourceVersion "1"]
[SourceVersionDate "2013.08.26"]
[SourceQuality "1"]

1. c4 e6 2. Nc3 Nf6 3. d3 d5 4. cxd5 Nxd5 5. Nf3 b6 6. g3 Bb7 7. Bg2 Bd6 8. 0-0 0-0 9. Bd2 Nxc3 10. Bxc3 Nd7 11. Qd2 c5 12. a3 a5 13. Rab1 Nf6 14. b4 cxb4 15. axb4 a4 16. b5 a3 17. Ra1 1/2-1/2

[Event "Paracin-ch"]
[Site "Paracin"]
[Date "2013.01.13"]
[Round "5"]
[White "Djuretanovic, Ivan"]
[Black "Brankovic, Slavoljub"]
[Result "1-0"]
[WhiteElo "2034"]
[BlackElo "1868"]
[PlyCount "77"]
[EventDate "2013.01.11"]
[EventType "swiss"]
[EventRounds "9"]
[EventCountry "SRB"]
[SourceTitle "EXT 2019"]
[Source "ChessBase"]
[SourceDate "2018.10.10"]
[SourceVersion "1"]
[SourceVersionDate "2018.10.10"]
[SourceQuality "1"]

1. e4 d6 2. d4 g6 3. f4 Bg7 4. c3 a6 5. Bd3 b5 6. Nf3 Bb7 7. 0-0 Nd7 8. e5 e6 9. Nbd2 Nb6 10. Ne4 Bxe4 11. Bxe4 d5 12. Bc2 Ne7 13. Qe1 Qc8 14. Qf2 c6 15. h3 Qc7 16. b3 a5 17. Ba3 a4 18. Bd6 Qb7 19. g4 Nbc8 20. Bc5 Bf8 21. Ng5 h6 22. Nxf7 Kxf7 23. f5 gxf5 24. gxf5 Rg8+ 25. Kh1 Nxf5 26. Bxf5 Bxc5 27. Bxe6+ Ke8 28. Bxg8 Be7 29. Be6 Kd8 30. Rg1 Kc7 31. Rg7 axb3 32. Bxc8 Qxc8 33. Rxe7+ Kb6 34. e6 Qd8 35. Rg7 Qd6 36. Qg3 Qxg3 37. Rxg3 Kc7 38. Rg7+ Kb6 39. Re1 1-0

[Event "SRB Central-ch op-B 5th"]
[Site "Paracin"]
[Date "2012.07.13"]
[Round "9"]
[White "Vasilev, Martin"]
[Black "Brankovic, Slavoljub"]
[Result "1/2-1/2"]
[WhiteElo "1596"]
[BlackElo "1920"]
[PlyCount "64"]
[EventDate "2012.07.06"]
[EventType "swiss"]
[EventRounds "9"]
[EventCountry "SRB"]
[SourceTitle "CBM 149 Extra"]
[Source "ChessBase"]
[SourceDate "2012.08.24"]
[SourceVersion "1"]
[SourceVersionDate "2012.08.24"]
[SourceQuality "1"]

1. e4 c5 2. Nf3 Nc6 3. Bb5 Qc7 4. 0-0 a6 5. Bxc6 Qxc6 6. Nc3 e6 7. d3 Ne7 8. Ne5 Qc7 9. Bf4 d6 10. Nf3 Nc6 11. Be3 Be7 12. Qe2 b5 13. Ne1 b4 14. Nd1 0-0 15. f4 d5 16. f5 exf5 17. exf5 Ne5 18. Bf4 f6 19. Nf3 Bd6 20. Ne3 Bb7 21. Rae1 Rfe8 22. Nxe5 Bxe5 23. Bxe5 Rxe5 24. Qf2 Rae8 25. Ng4 Rxe1 26. Rxe1 Rxe1+ 27. Qxe1 Qd7 28. Qg3 Kf7 29. Ne3 Qc8 30. Qf3 d4 31. Nc4 Kf8 32. Nb6 Qc7 1/2-1/2

[Event "SRB Central-ch op-B 5th"]
[Site "Paracin"]
[Date "2012.07.09"]
[Round "4"]
[White "Brankovic, Slavoljub"]
[Black "Cokan, Mirko"]
[Result "1/2-1/2"]
[WhiteElo "1920"]
[BlackElo "1800"]
[PlyCount "54"]
[EventDate "2012.07.06"]
[EventType "swiss"]
[EventRounds "9"]
[EventCountry "SRB"]
[SourceTitle "CBM 149 Extra"]
[Source "ChessBase"]
[SourceDate "2012.08.24"]
[SourceVersion "1"]
[SourceVersionDate "2012.08.24"]
[SourceQuality "1"]

1. Nf3 Nc6 2. d3 d5 3. g3 e5 4. Bg2 Bd6 5. b3 Nf6 6. Bb2 h6 7. Nbd2 0-0 8. 0-0 Re8 9. e3 Nb8 10. c4 c6 11. Kh1 Nbd7 12. Re1 Nf8 13. cxd5 cxd5 14. Ng1 Bd7 15. f4 exf4 16. exf4 Rxe1 17. Qxe1 N6h7 18. Ngf3 Qb6 19. Ne5 Bxe5 20. fxe5 Ng5 21. d4 h5 22. h3 Nxh3 23. Bxd5 Bc6 24. Bxc6 Qxc6+ 25. Kh2 Re8 26. Qe2 Rc8 27. Re1 Ng5 1/2-1/2